000 00301nam a22001457a 4500
003 SGT
082 _a658.8NAR
100 _aNARGUNDKAR,R
245 _aMARKETING RESEARCH TEXT AND CASES
250 _a2ND
260 _aNEW DELHI
_bTMH
_c2003
300 _a494
650 _aMARKETING
942 _2ddc
_cBK
999 _c9664
_d9664